Pacto de sangre / (Record no. 37968)

MARC details
000 -LEADER
campo de control de longitud fija 00560nam a2200181 i 4500
001 - NÚMERO DE CONTROL
campo de control 37968
003 - IDENTIFICADOR DE NÚMERO DE CONTROL
campo de control ES-MaACL
005 - FECHA Y HORA DE LA ÚLTIMA TRANSACCIÓN
campo de control 20250905063038.0
007 - CAMPO FIJO DE DESCRIPCIÓN FÍSICA--INFORMACIÓN GENERAL
campo de control de longitud fija t|
008 - DATOS DE LONGITUD FIJA--INFORMACIÓN GENERAL
campo de control de longitud fija 030224s1956 sp ||||1| spa d
100 1# - ENTRADA PRINCIPAL--NOMBRE DE PERSONA
Nombre de persona Cain, James M.,
Fechas asociadas al nombre 1892-1977
9 (RLIN) 33470
245 10 - MENCIÓN DEL TÍTULO
Título Pacto de sangre /
Mención de responsabilidad, etc. James M. Cain ; traducción de Manuel Barberá.
260 ## - PUBLICACIÓN, DISTRIBUCIÓN, ETC.
Lugar de publicación, distribución, etc. Barcelona, etc. :
Nombre del editor, distribuidor, etc. E.D.H.A.S.A.,
Fecha de publicación, distribución, etc. [1956] (
Fabricante Manuel Ponsa)
300 ## - DESCRIPCIÓN FÍSICA
Extensión 190 p. ;
Dimensiones 17 cm.
700 1# - ENTRADA AGREGADA--NOMBRE PERSONAL
Nombre de persona Barberá, Manuel.
9 (RLIN) 25419
852 ## - LOCALIZACIÓN
Ubicación ES-MaACL
Número de control de estantería C-11625
Sublocalización o colección R.39666
Holdings
Estatus retirado Estado de pérdida Estado de daño No para préstamo Biblioteca de origen Biblioteca actual Ubicación en estantería Fecha de adquisición Fuente de adquisición Total de préstamos Signatura topográfica completa Código de barras Visto por última vez Precio de reemplazo Tipo de ítem Koha
        Biblioteca del Ateneo de Madrid Biblioteca del Ateneo de Madrid Sala Palomar 17/01/2008     C-11625 1039976 23/02/2023 23/02/2023 Libro impreso